Research Methodology (Record no. 2928)

MARC details
000 -LEADER
fixed length control field 00345nam a2200145Ia 4500
008 - FIXED-LENGTH DATA ELEMENTS--GENERAL INFORMATION
fixed length control field 191201s2006 xx 000 0 und d
082 ## - DEWEY DECIMAL CLASSIFICATION NUMBER
Classification number 658.007
Item number KUR
100 ## - MAIN ENTRY--PERSONAL NAME
Personal name Kumar, Ranjit
245 #0 - TITLE STATEMENT
Title Research Methodology
250 ## - EDITION STATEMENT
Edition statement 2nd
260 ## - PUBLICATION, DISTRIBUTION, ETC. (IMPRINT)
Place of publication, distribution, etc N.Delhi
Name of publisher, distributor, etc Pearson Education
Date of publication, distribution, etc 2006
300 ## - PHYSICAL DESCRIPTION
Extent 332
650 ## - SUBJECT ADDED ENTRY--TOPICAL TERM
Topical term or geographic name as entry element B.Tech(IT)
942 ## - ADDED ENTRY ELEMENTS (KOHA)
Source of classification or shelving scheme Dewey Decimal Classification
Koha item type Text Books
942 ## - ADDED ENTRY ELEMENTS (KOHA)
-- 2
Holdings
Withdrawn status Lost status Source of classification or shelving scheme Damaged status Not for loan Collection code Home library Current library Date acquired Source of acquisition Cost, normal purchase price Bill Number Total Checkouts Full call number Acc. no. / Barcode Date last seen Date last borrowed Bill Date Koha item type Checked out
    Dewey Decimal Classification     Computer Science and Engineering in AI & Machine Learning PIET C-LIBRARY PIET C-LIBRARY 20/08/2007 J B C, New Delhi 250.00 707 1 658.007 KUR 6707 13/03/2023 04/03/2021 28/07/2007 Text Books  
    Dewey Decimal Classification     Computer Science and Engineering in AI & Machine Learning PIET C-LIBRARY PIET C-LIBRARY 20/08/2007 J B C, New Delhi 250.00 707 1 658.007 KUR 6708 31/03/2021 31/03/2021 28/07/2007 Text Books 27/09/2021
    Dewey Decimal Classification     Computer Science and Engineering in AI & Machine Learning PIET C-LIBRARY PIET C-LIBRARY 20/08/2007 J B C, New Delhi 250.00 707   658.007 KUR 6709 04/12/2019   28/07/2007 Text Books  
    Dewey Decimal Classification     Computer Science and Engineering in AI & Machine Learning PIET C-LIBRARY PIET C-LIBRARY 20/08/2007 J B C, New Delhi 250.00 707   658.007 KUR 6710 04/12/2019   28/07/2007 Text Books  

Design & Developed by: PIET Central Library
R70 Miles Stone Pattikalyana Samalkha Panipat 132102
mail ID :- [email protected], Phone No:- 0180-2569700 Ex.216